[Event "Moscow Open F Women"]
[Site "Moscow RUS"]
[Date "2011.01.29"]
[Round "1.1"]
[White "Turova, Irina"]
[Black "Styazhkina, Anna"]
[Result "1-0"]
[WhiteTitle "IM"]
[BlackTitle "WFM"]
[WhiteElo "2434"]
[BlackElo "1999"]
[WhiteFideId "4120876"]
[BlackFideId "24119300"]
[EventDate "2011.01.29"]

1. d4 d6 2. Nf3 g6 3. g3 Bg7 4. Bg2 Nf6 5. O-O O-O 6. a4 Nc6 7. a5 a6 8. d5 Nb8
9. Nd4 b5 10. axb6 cxb6 11. Nc3 Bb7 12. h3 Qc7 13. e4 Nbd7 14. f4 b5 15. Be3 Nb6
16. Nc6 Nc4 17. Bd4 Bxc6 18. dxc6 e6 19. b3 Nb6 20. e5 Ne8 21. Qe2 d5 22. Qe3
Nc8 23. Nxb5 Qxc6 24. Nc3 Nc7 25. g4 Ne7 26. Bc5 Rfe8 27. b4 Nb5 28. Ne2 Qc7 29.
c4 dxc4 30. Bxa8 Rxa8 31. Qe4 Nd5 32. Qxc4 Bf8 33. Rfc1 Qb7 34. Qe4 Rd8 35. Rc2
Bxc5+ 36. bxc5 Qc6 37. Kf2 Rb8 38. f5 Nbc7 39. f6 Rb4 40. Rc4 Rb3 41. Nd4 Rb2+
42. Rc2 Qb7 43. Rc1 Rb4 44. Rc4 Rb2+ 45. R1c2 a5 46. Rxb2 Qxb2+ 47. Qc2 Qa1 48.
Qb3 Nb4 49. Rxb4 axb4 50. Qxb4 Qa2+ 51. Kg3 Qa8 52. c6 h6 53. Qd6 Qb8 54. Nf3
Qc8 55. Qd2 Qf8 56. Qd7 Qb8 57. Qd6 Qc8 58. h4 Nd5 59. Nd4 Nc7 60. Qb4 Qa8 61.
Qb3 Qd8 62. Qb6 Qc8 63. Nb5 Nxb5 64. Qxb5 Qc7 65. Qc5 Qb8 66. c7 Qb3+ 67. Kf4
Qa4+ 68. Ke3 Qb3+ 69. Kd2 Qb2+ 70. Kd3 Qb3+ 71. Qc3 Qd1+ 72. Ke3 Qg1+ 73. Kd2
Qf2+ 74. Kc1 Qf1+ 75. Kc2 Qe2+ 76. Kb3 Qb5+ 77. Ka3 Qa6+ 78. Kb4 Qb6+ 79. Ka4
Qa6+ 80. Qa5 Qc4+ 81. Ka3 Qd3+ 82. Kb4 Qb1+ 83. Kc5 Qb7 84. Kd6 Qc8 85. Ke7 Qb7
86. Kd8 1-0

[Event "Moscow Open F Women"]
[Site "Moscow RUS"]
[Date "2011.01.29"]
[Round "1.2"]
[White "Khobotova, Olesia"]
[Black "Bodnaruk, Anastasia"]
[Result "0-1"]
[BlackTitle "IM"]
[WhiteElo "1991"]
[BlackElo "2425"]
[WhiteFideId "24129550"]
[BlackFideId "4181751"]
[EventDate "2011.01.29"]

1. e4 c5 2. Nf3 d6 3. d4 cxd4 4. Nxd4 Nf6 5. Nc3 a6 6. Be2 e5 7. Nf3 Be7 8. O-O
O-O 9. Bg5 Nbd7 10. Re1 h6 11. Bh4 g5 12. Bg3 Nc5 13. Bf1 Bg4 14. Qc1 Ne6 15.
Nd2 b5 16. f3 Bh5 17. Bf2 Bg6 18. a4 b4 19. Nd1 Nc5 20. Ne3 Rc8 21. Bc4 Kh7 22.
a5 Rc6 23. Qd1 Qc8 24. Rc1 Bd8 25. Nd5 Qb8 26. Nxf6+ Bxf6 27. Bd5 Rcc8 28. Nc4
Bd8 29. b3 Kg7 30. Qd2 f5 31. Rcd1 Rf6 32. h4 f4 33. hxg5 hxg5 34. Re2 Kh6 35.
Be1 Qa7 36. Rf2 Rb8 37. Qe2 Bh5 38. Bd2 Rg6 39. g4 fxg3 40. Rg2 Nxb3+ 41. Be3
Nd4 42. Bxd4 exd4 43. Rd3 g4 44. f4 Bh4 45. Qd2 Rf6 46. Rxd4 b3 47. c3 Qc5 48.
Qe3 Rb5 49. Rb2 Be8 50. Kg2 Kg7 51. f5 Rh6 52. Qf4 Bh5 53. Rd1 Bf6 54. Qxg3 Rb8
55. Rd3 Rbh8 56. Qxd6 Qxd6 57. Nxd6 Bg6 58. Rxb3 Rh2+ 59. Kg1 Rh1+ 60. Kg2 R8h2+
61. Kg3 Be5+ 62. Kxg4 Bh5+ 63. Kg5 Rg1+ 0-1

[Event "Moscow Open F Women"]
[Site "Moscow RUS"]
[Date "2011.01.29"]
[Round "1.3"]
[White "Savina, Anastasia"]
[Black "Trapeznikova, Darya"]
[Result "1-0"]
[WhiteTitle "WGM"]
[WhiteElo "2397"]
[BlackElo "1991"]
[WhiteFideId "4196872"]
[BlackFideId "24121118"]
[EventDate "2011.01.29"]

1. d4 d5 2. c4 c6 3. Nf3 Nf6 4. e3 e6 5. Nbd2 Nbd7 6. b3 Bd6 7. Bb2 O-O 8. Bd3
Re8 9. Ne5 c5 10. O-O b6 11. Rc1 Bb7 12. Nxd7 Nxd7 13. cxd5 exd5 14. Qc2 h6 15.
Nf3 a5 16. Bb5 Qe7 17. Qc3 c4 18. bxc4 Bb4 19. Qd3 dxc4 20. Qf5 Red8 21. Bxc4
Nf6 22. Ne5 Bd5 23. Bxd5 Rxd5 24. e4 Rd6 25. Rc2 a4 26. a3 Ba5 27. Rfc1 Rf8 28.
Rc7 Qe8 29. Rc8 Rd8 30. Rxd8 Qxd8 31. Nc6 Qa8 32. d5 Ne8 33. Ne7+ Kh8 34. Ng6+ 1-0

[Event "Moscow Open F Women"]
[Site "Moscow RUS"]
[Date "2011.01.29"]
[Round "1.4"]
[White "Mukhametgaleeva, Railia"]
[Black "Kovanova, Baira"]
[Result "0-1"]
[BlackTitle "WGM"]
[WhiteElo "1983"]
[BlackElo "2391"]
[WhiteFideId "4123263"]
[BlackFideId "4164083"]
[EventDate "2011.01.29"]

1. e4 e5 2. Nf3 Nc6 3. Bc4 Nf6 4. d3 Be7 5. c3 O-O 6. O-O d6 7. Nbd2 Na5 8. Bb5
a6 9. Ba4 b5 10. Bc2 c5 11. Re1 Nc6 12. Nf1 Re8 13. Ng3 Bf8 14. h3 g6 15. d4
exd4 16. cxd4 Bg7 17. Be3 cxd4 18. Nxd4 Na5 19. a4 b4 20. b3 d5 21. Qd2 dxe4 22.
Rad1 Bb7 23. Bh6 e3 24. Rxe3 Rxe3 25. Bxe3 Nd5 26. Bg5 Qb6 27. Be4 Nc3 28. Bxb7
Nxb7 29. Be3 Nxd1 30. Qxd1 Rd8 31. Nge2 Na5 32. Qc2 Bxd4 0-1

[Event "Moscow Open F Women"]
[Site "Moscow RUS"]
[Date "2011.01.29"]
[Round "1.5"]
[White "Stepovaia, Tatiana"]
[Black "Kalashnikova, Larisa"]
[Result "1-0"]
[WhiteTitle "WGM"]
[BlackTitle "WFM"]
[WhiteElo "2389"]
[BlackElo "1971"]
[WhiteFideId "4106970"]
[BlackFideId "4110986"]
[EventDate "2011.01.29"]

1. e4 e6 2. d3 c5 3. f4 Nc6 4. Nf3 d5 5. Be2 dxe4 6. dxe4 Qxd1+ 7. Bxd1 Nf6 8.
Nc3 a6 9. e5 Nd5 10. Ne4 f5 11. exf6 Nxf6 12. Nxf6+ gxf6 13. Be3 Bd7 14. Nd2
O-O-O 15. c3 e5 16. O-O Be7 17. Bf3 exf4 18. Bxf4 Ne5 19. Be4 Be6 20. Bxe5 fxe5
21. Nf3 Bf6 22. b3 h6 23. Rae1 Bg4 24. c4 Rhf8 25. Bd5 Bxf3 26. Rxf3 Bg7 27. Rg3
Bf6 28. Re4 Kc7 29. h4 Rh8 30. Rg6 Rdf8 31. a4 b6 32. g3 Rh7 33. Kg2 Rhh8 34.
Re2 Kd8 35. a5 Kc7 36. axb6+ Kb8 37. Ra2 e4 38. Rxa6 e3 39. Ra8# 1-0

[Event "Moscow Open F Women"]
[Site "Moscow RUS"]
[Date "2011.01.29"]
[Round "1.7"]
[White "Vasenina, Anna"]
[Black "Pourkashiyan, Atousa"]
[Result "0-1"]
[WhiteTitle "WFM"]
[BlackTitle "WGM"]
[WhiteElo "1857"]
[BlackElo "2397"]
[WhiteFideId "4177207"]
[BlackFideId "12502014"]
[EventDate "2011.01.29"]

1. e4 c5 2. Nf3 e6 3. d4 cxd4 4. Nxd4 a6 5. Bd3 Nf6 6. O-O Qc7 7. c4 Nc6 8. Nxc6
dxc6 9. Be3 e5 10. h3 Be7 11. Qb3 Be6 12. Bb6 Qc8 13. Nc3 h5 14. Kh2 Nd7 15. Na4
a5 16. Qc3 c5 17. Qb3 Qc6 18. Qb5 Ra6 19. Qxc6 bxc6 20. Bc7 Ra7 21. Bb6 Rb7 22.
Bxa5 Ra7 0-1

[Event "Moscow Open F Women"]
[Site "Moscow RUS"]
[Date "2011.01.29"]
[Round "1.8"]
[White "Anu, Bayar"]
[Black "Pustovoitova, Daria"]
[Result "0-1"]
[BlackTitle "FM"]
[WhiteElo "1957"]
[BlackElo "2331"]
[WhiteFideId "4901339"]
[BlackFideId "4182146"]
[EventDate "2011.01.29"]

1. d4 Nf6 2. c4 e6 3. Nf3 d5 4. cxd5 exd5 5. Bg5 c6 6. Qc2 Qa5+ 7. Bd2 Qb6 8.
Nc3 g6 9. e4 dxe4 10. Nxe4 Be7 11. Bh6 Nxe4 12. Qxe4 Qxb2 13. Rd1 Bf5 14. Qe3
Qxa2 15. Be2 Qa3 16. Qe5 f6 17. Qc7 Na6 18. Qxb7 Qb4+ 19. Qxb4 Nxb4 20. Bc4 Be4
21. Bg7 Kd7 22. Bxh8 Rxh8 23. Ke2 a5 24. Ra1 Ra8 25. Ne1 a4 26. f3 Bf5 27. g4
Be6 28. Bxe6+ Kxe6 29. Nd3 Nxd3 30. Kxd3 Kd5 31. Rhb1 a3 32. Rb7 Bd6 33. Rd7 Ra4
34. Ke3 h6 35. h4 Ke6 36. Rb7 c5 37. dxc5 Bxc5+ 38. Kd3 Bd6 39. Ra2 h5 40. gxh5
gxh5 41. Rb6 Kd7 42. Rb7+ Kc6 43. Rf7 Rxh4 44. Rxf6 Ra4 45. Ke3 Ra6 46. Rh6 Kc5
47. Rxh5+ Kc4 48. Rh4+ Kb3 49. Rd2 Bc5+ 50. Ke2 Bb4 51. Rd3+ Bc3 52. Rd7 a2 53.
Rb7+ Kc2 54. Rh1 Re6+ 55. Kf2 a1=Q 56. Rxa1 Bxa1 57. f4 Kd3 58. Kf3 Re1 59. Kg4
Bd4 60. Rd7 Re8 61. Kf5 Ke3 62. Kg6 Rg8+ 63. Kf7 Rg7+ 64. Ke6 Rg6+ 65. Kd5 Rf6
66. Re7+ Kd3 67. Re4 Rf5+ 68. Re5 Rxf4 69. Rh5 Be3 70. Rh1 Rf5+ 71. Ke6 Ke4 72.
Ra1 Rh5 73. Rf1 Re5+ 74. Kf6 Ra5 75. Kg6 Ra8 76. Rf7 Bd4 77. Re7+ Be5 78. Kf7
Kf5 79. Re8 Ra6 80. Re7 Rb6 81. Rd7 Rh6 82. Re7 Rh8 83. Rd7 Rh6 84. Re7 Bf6 85.
Rd7 Ke5 86. Rd1 Rh7+ 87. Ke8 Ke6 88. Re1+ Be5 89. Rf1 Rh2 90. Rf3 Bd4 91. Kd8
Rc2 92. Rb3 Bf6+ 0-1

[Event "Moscow Open F Women"]
[Site "Moscow RUS"]
[Date "2011.01.29"]
[Round "1.9"]
[White "Levushkina, Elena"]
[Black "Sysoykina, Lidia"]
[Result "1/2-1/2"]
[WhiteTitle "WGM"]
[WhiteElo "2318"]
[BlackElo "1943"]
[WhiteFideId "14200686"]
[BlackFideId "4165080"]
[EventDate "2011.01.29"]

1. e4 e5 2. Nf3 Nc6 3. Bb5 g6 4. c3 a6 5. Ba4 Bg7 6. d4 b5 7. Bb3 d6 8. O-O Nf6
9. dxe5 dxe5 10. Qe2 O-O 11. a4 Rb8 12. axb5 axb5 13. Bg5 h6 14. Bh4 g5 15. Bg3
Nh5 16. Nbd2 Nxg3 17. hxg3 b4 18. Ba4 bxc3 19. bxc3 Qf6 20. Qc4 Rb6 21. Qc5 Rd8
22. Nc4 Bf8 23. Qe3 Rb8 24. Bxc6 Qxc6 25. Ncxe5 Qf6 26. Qa7 Rb5 27. Nc4 Rc5 28.
Ne3 Qe6 29. Nd5 c6 30. Qc7 Re8 31. Nd4 Qg6 32. Ne3 Rxc3 33. Ra8 Bd6 34. Rxc8
Bxc7 35. Rxe8+ Kh7 36. Ndf5 h5 37. Ra1 Qf6 38. Kh2 Rxe3 39. Ra7 Bb6 40. Rb7 Rxe4
41. Rxe4 Qxf5 42. Ree7 Qc5 43. Rxf7+ Kg6 44. Rg7+ Kf5 45. Rbf7+ Ke4 46. Rg6 Kd3
47. Rff6 h4 48. Rd6+ Ke2 49. Rge6+ Kf1 50. Rd1+ Kxf2 51. Rd2+ Kf1 1/2-1/2

[Event "Moscow Open F Women"]
[Site "Moscow RUS"]
[Date "2011.01.29"]
[Round "1.11"]
[White "Severiukhina, Zoja"]
[Black "Achinova, Giliana"]
[Result "1-0"]
[WhiteTitle "WIM"]
[WhiteElo "2312"]
[BlackElo "1936"]
[WhiteFideId "24108065"]
[BlackFideId "4102428"]
[EventDate "2011.01.29"]

1. e4 d6 2. d4 Nf6 3. Nc3 g6 4. f4 Bg7 5. Nf3 O-O 6. Bd3 Nbd7 7. O-O c5 8. d5 a6
9. a4 b6 10. Qe2 Nb8 11. e5 dxe5 12. fxe5 Ne8 13. Ng5 Nc7 14. Bc4 h6 15. Nxf7
Rxf7 16. d6 Ne6 17. Rxf7 Ra7 18. Rxe7 Rxe7 19. dxe7 Qxe7 20. Nd5 Qd8 21. Nf4 Kf7
22. c3 b5 23. axb5 axb5 24. Ra7+ 1-0

[Event "Moscow Open F Women"]
[Site "Moscow RUS"]
[Date "2011.01.29"]
[Round "1.12"]
[White "Makarenko, Alexandra"]
[Black "Daulyte, Deimante"]
[Result "1-0"]
[BlackTitle "WGM"]
[WhiteElo "1931"]
[BlackElo "2293"]
[WhiteFideId "4165055"]
[BlackFideId "12802859"]
[EventDate "2011.01.29"]

1. e4 e5 2. Nf3 Nc6 3. Bb5 a6 4. Ba4 Nf6 5. O-O Be7 6. Re1 b5 7. Bb3 O-O 8. h3
Bb7 9. c3 d5 10. d3 Qd6 11. Bg5 d4 12. c4 Na5 13. Nbd2 Nd7 14. Rc1 Bxg5 15. Nxg5
Nc5 16. cxb5 Ncxb3 17. Nxb3 axb5 18. Qh5 h6 19. Nf3 Nxb3 20. axb3 Rfe8 21. Nh4
Rac8 22. Nf5 Qf8 23. f4 g6 24. Qg4 Kh7 25. Nh4 exf4 26. Qxf4 c5 27. Rf1 Kg8 28.
Qg3 Qg7 29. Qd6 Qe5 30. Qb6 Qe7 31. Rf6 Kh7 32. Rcf1 Rf8 33. Rxf7+ 1-0

[Event "Moscow Open F Women"]
[Site "Moscow RUS"]
[Date "2011.01.29"]
[Round "1.13"]
[White "Nemcova, Katerina"]
[Black "Kostitsina, Liubov"]
[Result "1-0"]
[WhiteTitle "WGM"]
[WhiteElo "2289"]
[BlackElo "1930"]
[WhiteFideId "322750"]
[BlackFideId "24117110"]
[EventDate "2011.01.29"]

1. e4 e5 2. Nf3 Nc6 3. Bc4 Bc5 4. O-O Nf6 5. d4 exd4 6. e5 d5 7. exf6 dxc4 8.
fxg7 Rg8 9. Bg5 Qd6 10. Nbd2 Rxg7 11. Ne4 Qg6 12. Nxc5 h6 13. Qe2+ Kf8 14. Rfe1
Bg4 15. Bf4 Qh5 16. Qxc4 b6 17. Ne5 Nxe5 18. Bxe5 Rg5 19. f4 bxc5 20. fxg5 Qxg5
21. Qxc5+ Kg8 22. Bxd4 Qg6 23. Qxc7 Bf3 24. Qg3 1-0

[Event "Moscow Open F Women"]
[Site "Moscow RUS"]
[Date "2011.01.29"]
[Round "1.14"]
[White "Dordzhieva, Dinara"]
[Black "Doluhanova, Evgeniya"]
[Result "1/2-1/2"]
[WhiteTitle "WCM"]
[BlackTitle "WGM"]
[WhiteElo "1929"]
[BlackElo "2267"]
[WhiteFideId "24157570"]
[BlackFideId "14112035"]
[EventDate "2011.01.29"]

1. e4 c5 2. Nf3 d6 3. d4 cxd4 4. Nxd4 Nf6 5. Nc3 a6 6. a4 e5 7. Nb3 Be6 8. Be2
Qc7 9. O-O Nbd7 10. Kh1 Be7 11. f4 Rc8 12. f5 Bc4 13. Be3 Bxe2 14. Qxe2 Nb6 15.
Bxb6 Qxb6 16. Rad1 Qb4 17. Rd3 Rc4 18. Nd2 Rc6 19. Nb3 h5 20. Rg3 Kf8 21. a5 Rc4
22. Nd2 Rc8 23. Nb3 Rc4 24. Nd2 Rc6 25. Nb3 Rc4 1/2-1/2

[Event "Moscow Open F Women"]
[Site "Moscow RUS"]
[Date "2011.01.29"]
[Round "1.15"]
[White "Mirzoeva, Elmira"]
[Black "Skakun, Valentina"]
[Result "1-0"]
[WhiteTitle "WGM"]
[WhiteElo "2216"]
[BlackElo "1925"]
[WhiteFideId "4127951"]
[BlackFideId "24133469"]
[EventDate "2011.01.29"]

1. d4 d5 2. Nf3 c6 3. c4 e6 4. Nbd2 f5 5. g3 Bd6 6. Bg2 Nf6 7. O-O Nbd7 8. b3
O-O 9. Bb2 Qe7 10. Ne5 Ne4 11. Nxe4 fxe4 12. f3 Nxe5 13. dxe5 Bc5+ 14. Kh1 exf3
15. exf3 Bd7 16. f4 Rad8 17. Qg4 Kh8 18. h4 Qf7 19. Rac1 b6 20. h5 Be8 21. Bh3
Qxh5 22. Qxh5 Bxh5 23. Bxe6 Be2 24. Rfe1 Bd3 25. cxd5 cxd5 26. Kh2 Be4 27. Red1
Bf3 28. Rf1 Be2 29. Rfe1 Bd3 30. Red1 Be4 31. Bd4 Bxd4 32. Rxd4 g5 33. Rf1 Bf5
34. Bxf5 Rxf5 35. Kg2 Rdf8 36. Rf3 Rc8 37. Rxd5 Rc2+ 38. Kg1 Rxa2 39. Rd7 Re2
40. Rc3 1-0

[Event "Moscow Open F Women"]
[Site "Moscow RUS"]
[Date "2011.01.29"]
[Round "1.16"]
[White "Ghader Pour, Shayesteh"]
[Black "Saikhanzaya, Ganbaatar"]
[Result "1-0"]
[WhiteTitle "WIM"]
[WhiteElo "2212"]
[BlackElo "1704"]
[WhiteFideId "12500747"]
[BlackFideId "4900030"]
[EventDate "2011.01.29"]

1. e4 e6 2. d4 d5 3. Nd2 c5 4. exd5 Qxd5 5. Ngf3 cxd4 6. Bc4 Qd6 7. O-O Nf6 8.
Nb3 Nc6 9. Nbxd4 Nxd4 10. Nxd4 a6 11. Re1 Be7 12. Bg5 O-O 13. c3 h6 14. Bh4 Qc7
15. Qe2 Bd7 16. Rad1 Rad8 17. Bd3 Rfe8 18. Bc2 Nd5 19. Qd3 g6 20. Bxe7 Rxe7 21.
Bb3 Nf4 22. Qg3 Bc8 23. Qh4 Kg7 24. Nf5+ gxf5 25. Rxd8 Nxg2 26. Qd4+ e5 27. Rxc8
exd4 28. Rxc7 Rxc7 29. Kxg2 dxc3 30. bxc3 Kf6 31. Rd1 Kg5 32. Rd6 f6 33. Rb6
Rxc3 34. Rxb7 Rc6 35. Rb4 f4 36. Ra4 f5 37. Bc4 h5 38. Bxa6 Rc3 39. Be2 Rc5 40.
Rc4 Re5 41. Bf3 Ra5 42. a4 Ra7 43. Bc6 Ra5 44. Kf3 h4 45. Bb5 Ra7 46. Rxf4 Rc7
47. Bd3 Rc3 48. Rxf5+ 1-0

[Event "Moscow Open F Women"]
[Site "Moscow RUS"]
[Date "2011.01.29"]
[Round "1.17"]
[White "Medvedeva, Anna"]
[Black "Nakhbayeva, Guliskhan"]
[Result "0-1"]
[BlackTitle "WIM"]
[WhiteElo "1921"]
[BlackElo "2209"]
[WhiteFideId "24102776"]
[BlackFideId "13704788"]
[EventDate "2011.01.29"]

1. e4 e6 2. d4 d5 3. e5 c5 4. c3 Qb6 5. Nf3 Bd7 6. Be2 cxd4 7. cxd4 Bb5 8. Nc3
Bxe2 9. Qxe2 Nc6 10. O-O Nge7 11. Be3 Nf5 12. Rfd1 Be7 13. Rac1 O-O 14. Rd2 Rac8
15. g4 Nxe3 16. Qxe3 Na5 17. b3 Ba3 18. Rcc2 Rc6 19. Qd3 Be7 20. Na4 Qb4 21.
Rxc6 Nxc6 22. Kg2 f6 23. exf6 Rxf6 24. h3 Bd6 25. Nc3 Bf4 26. Rd1 Qf8 27. Ne2
Bc7 28. Qe3 Kh8 29. Ng3 Rf4 30. Ng5 e5 31. dxe5 Bb6 32. Qd3 Rxf2+ 33. Kh1 g6 34.
Qxd5 Qf4 35. Qd7 Qxg5 36. Ne4 Qf4 37. Qc8+ Qf8 38. Qxf8+ Rxf8 39. e6 Nd4 40. Ng5
Re8 41. Re1 h6 0-1

[Event "Moscow Open F Women"]
[Site "Moscow RUS"]
[Date "2011.01.29"]
[Round "1.18"]
[White "Shaydullina, Sandugach"]
[Black "Kisteneva, Liza"]
[Result "1-0"]
[WhiteTitle "WGM"]
[BlackTitle "WFM"]
[WhiteElo "2207"]
[BlackElo "1911"]
[WhiteFideId "4140389"]
[BlackFideId "24124877"]
[EventDate "2011.01.29"]

1. d4 d5 2. c4 e6 3. Nc3 Nf6 4. cxd5 exd5 5. Bg5 Be7 6. e3 O-O 7. Bd3 Nbd7 8.
Qc2 c6 9. Nge2 Re8 10. O-O Nf8 11. f3 Bd6 12. h3 h6 13. Bxf6 Qxf6 14. e4 dxe4
15. fxe4 Qg5 16. e5 Bb4 17. Ne4 Qd8 18. Qb3 Qe7 19. a3 Ba5 20. Nd6 Be6 21. Bc4
b5 22. Bxe6 Qxe6 23. Qg3 Bb6 24. Kh1 Ng6 25. Nxe8 Rxe8 26. Rac1 Rc8 27. Rc3 Rc7
28. Nf4 Nxf4 29. Rxf4 Qa2 30. b4 Qd5 31. Re3 a5 32. Rg4 g6 33. e6 Re7 34. exf7+
Rxf7 35. Qb8+ Bd8 36. Re8+ Rf8 37. Rxg6+ Kf7 38. Rxf8+ Kxf8 39. Rd6 1-0

[Event "Moscow Open F Women"]
[Site "Moscow RUS"]
[Date "2011.01.29"]
[Round "1.19"]
[White "Lisachenko, Natalia"]
[Black "Drozdova, Dina"]
[Result "0-1"]
[WhiteElo "1903"]
[BlackElo "2203"]
[WhiteFideId "4174151"]
[BlackFideId "4170695"]
[EventDate "2011.01.29"]

1. d4 d6 2. c4 e5 3. dxe5 dxe5 4. Qxd8+ Kxd8 5. Nc3 Be6 6. e3 c6 7. Nf3 f6 8.
Be2 Nd7 9. O-O Kc7 10. b3 g5 11. Rd1 Nh6 12. Bb2 Nf7 13. Rd2 a5 14. Rad1 Nc5 15.
Ne1 Be7 16. Nd3 Nxd3 17. Bxd3 Rag8 18. Ne4 Rd8 19. Bb1 Rxd2 20. Rxd2 b6 21. Ng3
Bb4 22. Rd1 Nd6 23. Nh5 Bg4 24. Rxd6 Kxd6 25. Nxf6 Ke6 26. Nxg4 Rd8 27. g3 Rd1+
28. Kg2 Rxb1 29. a3 Bd2 30. Bxe5 h5 0-1

[Event "Moscow Open F Women"]
[Site "Moscow RUS"]
[Date "2011.01.29"]
[Round "1.21"]
[White "Budueva, Kristina"]
[Black "Bezgodova, Svetlana"]
[Result "1-0"]
[WhiteElo "1889"]
[BlackElo "2195"]
[WhiteFideId "24152749"]
[BlackFideId "4110650"]
[EventDate "2011.01.29"]

1. e4 e5 2. Nf3 Nc6 3. Bb5 a6 4. Ba4 Nf6 5. d3 d6 6. c3 g6 7. O-O Bg7 8. Nbd2
O-O 9. Re1 Bd7 10. Nf1 Qe8 11. Bb3 Nd8 12. d4 Bc6 13. Bc2 b5 14. a4 Nd7 15. axb5
axb5 16. Rxa8 Bxa8 17. Bd3 c6 18. Ne3 Ne6 19. d5 Nf4 20. Bf1 Nc5 21. g3 cxd5 22.
gxf4 dxe4 23. Nh4 exf4 24. Neg2 Qc6 25. Bxf4 d5 26. Qd2 Rd8 27. Bg5 Rd7 28. Bh6
Be5 29. Nf3 exf3 30. Rxe5 Rd8 31. Ne1 d4 32. c4 bxc4 33. Qb4 Nd7 34. Qe7 Qc8 35.
Bh3 Bc6 36. Be6 Rf8 37. Bxd7 Qxd7 38. Qxf8# 1-0

[Event "Moscow Open F Women"]
[Site "Moscow RUS"]
[Date "2011.01.29"]
[Round "1.22"]
[White "Berdychevaskaya, Natasha"]
[Black "Maidanova, Irina"]
[Result "1-0"]
[WhiteTitle "WFM"]
[WhiteElo "2193"]
[BlackElo "1871"]
[WhiteFideId "4159322"]
[BlackFideId "24126624"]
[EventDate "2011.01.29"]

1. e4 c5 2. Nf3 d6 3. d4 cxd4 4. Nxd4 Nf6 5. Nc3 a6 6. Be2 e5 7. Nb3 Be6 8. f4
Be7 9. f5 Bxb3 10. axb3 Nc6 11. Be3 Rc8 12. Qd2 O-O 13. Rd1 b5 14. Bf3 Qc7 15.
O-O Rfd8 16. Qf2 Nd4 17. Rd2 Rd7 18. Kh1 b4 19. Na4 Nxf3 20. Qxf3 d5 21. exd5 e4
22. Qd1 Rb8 23. c4 bxc3 24. bxc3 Bd6 25. g3 h5 26. Bf4 Bxf4 27. Rxf4 Qe5 28. c4
Rd6 29. Re2 Rd7 30. Nc5 Re7 31. Nxe4 Nxe4 32. Rfxe4 Qxe4+ 33. Rxe4 Rxe4 34. d6
Rbe8 35. Kg2 Re1 36. Qd5 Kf8 37. d7 Rd8 38. Qa5 1-0

[Event "Moscow Open F Women"]
[Site "Moscow RUS"]
[Date "2011.01.29"]
[Round "1.23"]
[White "Semenova, Anastasia"]
[Black "Bezgodova, Maria"]
[Result "0-1"]
[BlackTitle "WFM"]
[WhiteElo "1870"]
[BlackElo "2190"]
[WhiteFideId "4109511"]
[BlackFideId "24111260"]
[EventDate "2011.01.29"]

1. e4 e5 2. Nf3 Nc6 3. d4 exd4 4. Nxd4 Nf6 5. Nc3 Bb4 6. Nxc6 bxc6 7. Bd3 O-O 8.
O-O d5 9. e5 Ng4 10. h3 Nxe5 11. Bxh7+ Kxh7 12. Qh5+ Kg8 13. Qxe5 Re8 14. Qd4
Bd6 15. Bf4 Qh4 16. g3 Qxh3 17. Bxd6 cxd6 18. Rfe1 Bg4 19. Qf4 Re6 20. Rxe6 fxe6
21. f3 Bh5 22. g4 Rf8 23. Qxd6 Rxf3 24. Qxe6+ Kh7 25. Ne2 Re3 26. Qf5+ Kg8 27.
Qxh5 Qxh5 28. gxh5 Rxe2 29. Rc1 Kh7 30. b3 Kh6 31. a3 Kxh5 32. c4 d4 33. Rd1 Re3
34. b4 Rxa3 35. Rxd4 Ra4 36. b5 cxb5 37. Rd5+ Kh4 38. cxb5 Ra3 39. Rd2 g5 40.
Rb2 Kg3 41. Rg2+ Kf4 42. Rf2+ Kg4 43. Rb2 Rg3+ 44. Kh2 Rh3+ 45. Kg1 Rh6 46. Ra2
Rh7 47. Kg2 Kf4 48. Ra4+ Ke3 49. Kg3 Kd3 50. Ra6 Rb7 51. Ra5 Kc4 52. Kg4 Kc5 0-1

[Event "Moscow Open F Women"]
[Site "Moscow RUS"]
[Date "2011.01.29"]
[Round "1.24"]
[White "Petrukhina, Irina"]
[Black "Arnatskaya, Zoya"]
[Result "1-0"]
[WhiteTitle "WFM"]
[WhiteElo "2190"]
[BlackElo "1867"]
[WhiteFideId "4132432"]
[BlackFideId "24137081"]
[EventDate "2011.01.29"]

1. d4 d5 2. c4 e6 3. Nc3 Nf6 4. Bg5 Nbd7 5. e3 Bb4 6. cxd5 exd5 7. Bd3 c5 8. Ne2
c4 9. Bc2 h6 10. Bh4 Qb6 11. O-O O-O 12. f3 Re8 13. e4 dxe4 14. fxe4 Bxc3 15.
Nxc3 Qxb2 16. Rf3 Qb6 17. Rb1 Qe6 18. Nb5 Qc6 19. e5 Nd5 20. Nd6 Nxe5 21. dxe5
Rxe5 22. Nxf7 Rh5 23. Qd4 Be6 24. Nd8 Qd6 25. Rxb7 Qe5 26. Nxe6 Qxd4+ 27. Nxd4
Rxh4 28. Rxg7+ Kxg7 29. Nf5+ 1-0

[Event "Moscow Open F Women"]
[Site "Moscow RUS"]
[Date "2011.01.29"]
[Round "1.25"]
[White "Butneva, Larisa"]
[Black "Travkina, Anastasia"]
[Result "0-1"]
[BlackTitle "WFM"]
[WhiteElo "1867"]
[BlackElo "2189"]
[WhiteFideId "24106011"]
[BlackFideId "24129151"]
[EventDate "2011.01.29"]

1. c4 e5 2. Nc3 Nc6 3. g3 Bc5 4. Bg2 d6 5. e3 a6 6. a3 Ba7 7. b4 Nge7 8. Nge2
O-O 9. O-O Bg4 10. h3 Bh5 11. g4 Bg6 12. d4 f5 13. c5 fxg4 14. hxg4 Qd7 15. Ng3
Rad8 16. Bb2 dxc5 17. dxc5 Qe6 18. Qc1 Qxg4 19. Rd1 h5 20. Rxd8 Rxd8 21. Nge4 h4
22. Kf1 h3 23. Bh1 Nf5 24. Ne2 Kh8 25. N4g3 Nh4 26. e4 h2 27. Bg2 Nxg2 28. Kxg2
Bxe4+ 29. Kxh2 Bf3 30. Qe3 Rf8 31. Bxe5 Nxe5 32. Qxe5 Qh4+ 33. Kg1 Qh3 34. Qh5+
Bxh5 35. Nxh5 Qxh5 36. Ng3 Qf3 37. Rf1 c6 38. Kh2 Bb8 0-1

[Event "Moscow Open F Women"]
[Site "Moscow RUS"]
[Date "2011.01.29"]
[Round "1.26"]
[White "Butuc, Maria"]
[Black "Ivanova, Karina"]
[Result "1-0"]
[WhiteTitle "WIM"]
[WhiteElo "2188"]
[BlackElo "1865"]
[WhiteFideId "13902911"]
[BlackFideId "24139750"]
[EventDate "2011.01.29"]

1. Nf3 Nf6 2. c4 e6 3. Nc3 Bb4 4. Qc2 O-O 5. a3 Bxc3 6. Qxc3 d5 7. e3 b6 8. b4
Bb7 9. Bb2 Nbd7 10. d3 c5 11. Be2 Rc8 12. O-O Qc7 13. b5 Rfe8 14. a4 e5 15. cxd5
Nxd5 16. Qb3 N5f6 17. Nd2 Bd5 18. Qc2 Qb7 19. e4 Be6 20. f4 Bg4 21. Nc4 Qc7 22.
Bxg4 Nxg4 23. Qe2 Ngf6 24. fxe5 Nxe5 25. Bxe5 Rxe5 26. Nxe5 Qxe5 27. a5 Qd4+ 28.
Qf2 Qxf2+ 29. Rxf2 Rd8 30. axb6 axb6 31. Ra7 Nd7 32. Rfa2 Kf8 33. Rb7 Ke7 34.
Rc7 Kd6 35. Rc6+ Ke7 36. Ra7 Ke8 37. Kf1 Rb8 38. Rcc7 Rd8 39. Rab7 g6 40. e5 h6
41. Ke2 h5 42. h4 c4 43. d4 c3 44. Rxc3 Nf8 45. Rcc7 Rxd4 46. Rc8+ Rd8 47. Rxd8+
Kxd8 48. Rxf7 Ne6 49. Ke3 Nc7 50. Rxc7 Kxc7 51. Ke4 1-0